| 000 | 00513nam a2200169 a 4500 | ||
|---|---|---|---|
| 001 | 654 | ||
| 003 | CDMR | ||
| 005 | 20130319193558.0 | ||
| 008 | 130130s1998||||||||||||||||||||||||||||d | ||
| 020 | _a8484090116 | ||
| 040 |
_aCDMR _bcat _cCPC LLEIDA |
||
| 100 | 1 |
_aEritja Ciuró, Xavier _9495 |
|
| 245 | 1 | 0 |
_aDe l'Almunia a la Turris _b: organització de l'espai a la regió de Lleida (segles XI-XIII) _cXavier Eritja Ciuró |
| 260 |
_aLleida _c1998 _bUniversitat de Lleida |
||
| 490 | 0 |
_aEspai/Temps _v35 |
|
| 942 |
_cMON _2udc |
||
| 999 |
_c654 _d654 |
||